MARC

LEADER 00000cam a2200000 7i4500
001 0000001077
005 20040225.0
090 0 0 |a JPSM333.75   |b WOR 1998 
110 1 0 |a WORKSHOP on the Malaysian-German Sustainable Forest Management and Conservation Project in Peninsular Malaysia   |k 1998   |j Kepong 
245 1 0 |a Proceedings of the ... , 11-12 February 1998, Kepong, Selangor   |c edited by Chin Tuck Yuan, Rolf Hubert Krezdorn, Yong Teng Koon 
260 0 0 |a (Kuala Lumpur :   |b Forestry Department Peninsular Malaysia ,   |c 1998) 
300 |a iv, 225 p. :   |b col. plates, map ;   |c 26 cm. 
500 0 0 |a Includes bibliographical references 
650 0 0 |a Forest management   |z Peninsular Malaysia 
650 0 0 |a Forests and forestry   |z Peninsular Malaysia 
650 0 0 |a Sustainable forestry   |z Peninsular Malaysia 
700 0 1 |a Krezdorn   |h Rolf Hubert 
700 0 1 |a Yong   |h Teng Koon 
710 1 1 |a German Agency for Technical Cooperation (GTZ) 
710 1 1 |a Malaysia ,   |c Forestry Department Peninsular Malaysia 
998 |a JPSM 
999 |a 0000002362   |b Monograph   |c Open Shelf   |e Default branch 
999 |a 0000002363   |b Monograph   |c Open Shelf   |e Default branch 
999 |a 0000002364   |b Monograph   |c Reference   |e Default branch 
999 |a 0000004294   |b Monograph   |c Open Shelf   |e Default branch 
999 |a 0000004295   |b Monograph   |c Open Shelf   |e Default branch